| 000 | 00902nam a2200277 a 4500 | ||
|---|---|---|---|
| 001 | BRCA_7950 | ||
| 005 | 20190320210051.0 | ||
| 008 | 100314s1961----mx-a###f##---#000-0#spa-# | ||
| 041 | _aspa | ||
| 044 | _amx | ||
| 050 | 4 |
_aNA5257 _b.R68 1961 |
|
| 100 | 1 |
_aRosell, Lauro E. _911688 |
|
| 245 | 1 | 0 |
_aIglesias y conventos coloniales de México _bhistoria de cada uno de los que existen en la Ciudad de México _cLauro E. Rosell. |
| 250 | _a2 | ||
| 260 |
_aMéxico _bPatria _c1961 |
||
| 300 |
_a356 p. _bil. (algunas a color), planos _c24 cm. |
||
| 500 | _a3107 | ||
| 500 | _aDedicatoria de Felipe Siegel al señor Franz Mayer | ||
| 504 | _aBibliografía p. 355-356 | ||
| 650 | 1 | 4 |
_aArquitectura religiosa _zMéxico _924 |
| 650 | 1 | 4 |
_aArquitectura colonial _zMéxico _91940 |
| 650 | 1 | 4 |
_aIglesias _zMéxico _94471 |
| 650 | 1 | 4 |
_aConventos y monasterios _zMéxico _99892 |
| 902 | _aGFM | ||
| 942 |
_2lcc _cB |
||
| 999 |
_c7619 _d7619 |
||